Statistics for Most Populated Cities in South Korea by Picture

Click here to take the quiz!

General Stats

  • This quiz has been taken 13 times
  • The average score is 9 of 26

Answer Stats

Answer% Correct
Busan
100%
Seoul
100%
Incheon
82%
Daegu
73%
Gwangju
73%
Jeju
55%
Ulsan
55%
Daejeon
45%
Pohang
36%
Goyang
27%
Suwon
27%
Anyang
18%
Bucheon
18%
Cheongju
18%
Gimhae
18%
Jeonju
18%
Namyangju
18%
Pyeongtaek
18%
Ansan
9%
Changwon
9%
Cheonan
9%
Hwaseong
9%
Paju
9%
Seongnam
9%
Uijeongbu
9%
Yongin
9%

Score Distribution

Percentile by Number Answered

Percent of People with Each Score

Your Score History

You have not taken this quiz